000 00739cam a2200241u 4500
001 32557
003 BD-RjUL
005 20211209051844.0
008 140427s1941 sw 000 0 eng
035 _a(BD-RjUL)32646
040 _aDLC
_cCarP
_dDLC
_dBD-RjUL
_beng
041 _aeng
082 0 4 _a297.4
_bEKL 1941
100 1 _aEklund, Ragnar,
_d1909-
_999030
245 1 0 _aLife between death and resurrection according to Islam /
_c Ragnar Eklund.
260 _aUppsala :
_bAlmqvist & Wilksells boktr.,
_c1941.
300 _avii, 188 p. ;
_c24 cm.
650 0 _aIntermediate state
_xIslam.
_999031
700 1 _aLundequist, Elsa, [from old catalog]
_etr.
_999032
942 _2ddc
_cBK
999 _c32557
_d32557